书目信息 |
| 题名: |
3ds max 7.0效果图与动画制作实例教程
|
|
| 作者: | 田振华 编著 | |
| 分册: | ||
| 出版信息: | 北京 人民邮电出版社 2006.06 |
|
| 页数: | 259页 | |
| 开本: | 26cm | |
| 丛书名: | ||
| 单 册: | ||
| 中图分类: | TP391.41 | |
| 科图分类: | ||
| 主题词: | 三维--san wei--动画--图形软件--教材 | |
| 电子资源: | ||
| ISBN: | 7-115-13964-4 | |
| 000 | 00878nam0 2200217 450 | |
| 001 | 012006817864 | |
| 005 | 20060919101804.87 | |
| 010 | @a7-115-13964-4@dCNY27.00 | |
| 100 | @a20060617d2006 km y0chiy0120 ea | |
| 101 | 0 | @achi |
| 102 | @aCN@b110000 | |
| 105 | @aa z 000yy | |
| 200 | 1 | @a3ds max 7.0效果图与动画制作实例教程@A3ds max 7.0 xiao guo tu yu dong hua zhi zuo shi li jiao cheng@f田振华编著@Ftian zhen hua bian zhu |
| 210 | @a北京@c人民邮电出版社@d2006.06 | |
| 215 | @a259页@c图@d26cm | |
| 330 | @a本书主要以实例和理论基础知识相结合的方式,详细介绍了3ds max 7.0的使用方法。通过对本书实例的临摹、操作,读者能够轻而易举地掌握运用3ds max 7.0绘制和处理三维图形,以及进行基本的动画操作。 | |
| 606 | 0 | @a三维@Asan wei@x动画@x图形软件@j教材 |
| 690 | @aTP391.41@v4 | |
| 701 | 0 | @a田振华@Atian zhen hua@4编著 |
| 801 | 0 | @aCN@bQSSK@c20060919 |
| 905 | @a10447@dTP391.41@eT692 | |
| 3ds max 7.0效果图与动画制作实例教程/田振华编著.-北京:人民邮电出版社,2006.06 |
| 259页:图;26cm |
| ISBN 7-115-13964-4:CNY27.00 |
| 本书主要以实例和理论基础知识相结合的方式,详细介绍了3ds max 7.0的使用方法。通过对本书实例的临摹、操作,读者能够轻而易举地掌握运用3ds max 7.0绘制和处理三维图形,以及进行基本的动画操作。 |
| ● |
| 相关链接 |
|
|
|
正题名:3ds max 7.0效果图与动画制作实例教程
索取号:TP391.41/T692
 
预约/预借
| 序号 | 登录号 | 条形码 | 馆藏地/架位号 | 状态 | 备注 |
| 1 | 588267 | 205882678 | 自科库301/301自科库 67排7列2层/ [索取号:TP391.41/T692] | 在馆 | |
| 2 | 588268 | 205882687 | 自科库301/301自科库 65排2列5层/ [索取号:TP391.41/T692] | 在馆 | |
| 3 | 588269 | 205882696 | 自科库301/301自科库 67排7列2层/ [索取号:TP391.41/T692] | 在馆 |